[Event "St Petersburg White Nights op1"]
[Site "St Petersburg"]
[Date "2002.??.??"]
[Round "9"]
[White "Akimov, Ivan"]
[Black "Kurdakov, Yuri"]
[Result "0-1"]
[WhiteElo "2244"]
[BlackElo "2350"]
[PlyCount "194"]
[EventDate "2002.??.??"]
[EventType "swiss"]
[EventRounds "9"]
[EventCountry "RUS"]
[SourceTitle "EXT 2003"]
[Source "ChessBase"]
[SourceDate "2002.11.25"]
[SourceVersion "1"]
[SourceVersionDate "2002.11.25"]
[SourceQuality "1"]

1. d4 e6 2. c4 Nf6 3. Nf3 d5 4. g3 Bb4+ 5. Bd2 Be7 6. Bg2 c6 7. Qc2 0-0 8. 0-0 b6 9. Bg5 Ba6 10. cxd5 cxd5 11. Nc3 Nfd7 12. Bxe7 Qxe7 13. Rfe1 f5 14. Rac1 Bb7 15. e3 Nc6 16. Bf1 Rfc8 17. Qb1 a6 18. Ne2 Nd8 19. Nf4 Nf7 20. Rxc8+ Rxc8 21. Rc1 Rxc1 22. Qxc1 Qd6 23. Qc2 Nb8 24. h4 g6 25. Ne1 Kg7 26. Ned3 Kf6 27. Qb3 Ke7 28. Nc5 Bc8 29. Na4 Nd7 30. Nc3 Bb7 31. Qa4 Nb8 32. Be2 Qc6 33. Qb4+ Qd6 34. Qb3 Kf6 35. Qa4 Bc6 36. Qb3 Bb7 37. Nd3 Ke7 38. a4 Nd8 39. a5 b5 40. Na2 Nbc6 41. Qc3 Kf6 42. b4 Kf7 43. Nac1 Bc8 44. Nb3 Ke7 45. Nbc5 Nf7 46. Bf3 Kf6 47. Nf4 Ne7 48. Kf1 Qc6 49. Nfd3 Qd6 50. Ke1 Nc6 51. Bg2 Ke7 52. Nf4 Kf6 53. Kd2 Ne7 54. Kc1 Qc6 55. Nfd3 Qd6 56. Kb2 Nc6 57. Ka3 Ke7 58. Nf4 Kd8 59. Bf3 Kc7 60. Ncd3 Kb8 61. Qc5 Qxc5 62. Nxc5 Ncd8 63. g4 Kc7 64. gxf5 gxf5 65. Kb3 Kd6 66. Kc3 Nc6 67. Bh5 Nh6 68. Nh3 Ng8 69. Ng5 Nf6 70. Be2 h6 71. Nf7+ Ke7 72. Ne5 Kd6 73. f4 Nd8 74. Bf3 Ke7 75. Ncd3 Kd6 76. Ng6 Bb7 77. Nc5 Bc8 78. Ne5 Ke7 79. Ned3 Kd6 80. Nf2 Ke7 81. Nh1 Kd6 82. Ng3 Ke7 83. Be2 Kf8 84. Nd3 Ke7 85. Ne5 Kf8 86. Bd3 Ke7 87. Kb3 Kd6 88. Ne2 Ke7 89. Nc3 Bd7 90. Be2 Kd6 91. Nd3 Ne4 92. Nxe4+ dxe4 93. Nc5 Bc8 94. Bh5 Nc6 95. d5 Kxd5 96. Kc2 Kd6 97. Be2 Ne7 0-1